Karel Pichlík a jeho místo v poválečné historiografii Plzně /

Hlavní autor: Morávková, Naděžda, 1961-
Další autoři: März, Jan
Jazyk: Čeština
Vydáno: Plzeň : ViaCentrum s.r.o., 2016
Edice: Historikem ve dvacátém století
Témata:
Fyzický popis: 111 stran, xiv stran obrazových příloh : ilustrace, 1 mapa, portréty, faksimile ; 21 cm
Language note: Anglické resumé
Knihy
Uloženo v:
LEADER 02453nam a2200661 i 4500
001 nkc20162844894
003 CZ PrNK
005 20220203112844.0
007 ta
008 161102s2016 xr abcff 000 0bcze
015 |a cnb002844894 
020 |a 978-80-87646-15-1  |q (brožováno) 
035 |a (OCoLC)965748631 
040 |a OLA001  |b cze  |d ABA001  |e rda 
041 0 |a cze  |b eng 
043 |a e-xr---  |b e-xr-pl  |2 czenas 
045 |a x2y0 
072 7 |a 930  |x Historická věda. Pomocné vědy historické. Archivnictví  |2 Konspekt  |9 8 
072 7 |a 929  |x Biografie  |2 Konspekt  |9 8 
080 |a 930-051  |2 MRF 
080 |a 929  |2 MRF 
080 |a 930-027.541  |2 MRF 
080 |a (437.317)  |2 MRF 
080 |a (092)  |2 MRF 
080 |a (048.8)  |2 MRF 
100 1 |a Morávková, Naděžda,  |d 1961-  |7 xx0087623  |4 aut 
245 1 0 |a Karel Pichlík a jeho místo v poválečné historiografii Plzně /  |c Naděžda Morávková, Jan März 
246 3 0 |a Karel Pichlík 
264 1 |a Plzeň :  |b ViaCentrum s.r.o.,  |c 2016 
300 |a 111 stran, xiv stran obrazových příloh :  |b ilustrace, 1 mapa, portréty, faksimile ;  |c 21 cm 
336 |a text  |b txt  |2 rdacontent 
337 |a bez média  |b n  |2 rdamedia 
338 |a svazek  |b nc  |2 rdacarrier 
490 1 |a Historikem ve dvacátém století,  |x 1804-3461 ;  |v XI 
500 |a Místo vydání je správně: Praha 
500 |a 250 výtisků 
504 |a Obsahuje bibliografie a bibliografické odkazy 
546 |a Anglické resumé 
600 1 7 |a Pichlík, Karel,  |d 1928-2001  |7 jk01093029  |2 czenas 
648 4 |a 1928-2001 
648 7 |a 20. století  |7 ch460558  |2 czenas 
650 0 7 |a historici  |7 ph114665  |z Česko  |y 20. století  |2 czenas 
650 0 7 |a regionální historiografie  |7 ph125076  |z Česko  |y 20. století  |2 czenas 
650 0 9 |a historians  |z Czechia  |y 20th century  |2 eczenas 
650 0 9 |a regional historiography  |z Czechia  |y 20th century  |2 eczenas 
651 7 |a Plzeň (Česko : oblast)  |7 ge130440  |2 czenas 
651 9 |a Plzeň Region (Czechia)  |2 eczenas 
655 7 |a biografie  |7 fd131909  |2 czenas 
655 7 |a studie  |7 fd133597  |2 czenas 
655 9 |a biography  |2 eczenas 
655 9 |a studies  |2 eczenas 
700 1 |a März, Jan  |7 hka2017952838  |4 aut 
830 0 |a Historikem ve dvacátém století  |0 s 
910 2 |a BOA001  |b 2-1377.090 
990 |a BK 
995 |a 01 
991 |b 201611  |c NOV 
996 6 |b 2610687329  |c 2-1377.090  |l MZK  |r Sklad / do 1 hodiny  |n 0  |p p.v.  |w 001586359  |u 000010  |a 1  |e BOA001  |j MZK50  |s P